000 00854nam a2200265Ia 4500
003 OSt
005 20221005111613.0
006 a|||||r|||| 00| 0
007 ta
008 221004b |||||||| |||| 00| 0 hin d
020 _a817198150X
024 _a23404
037 _cTextual
040 _aCRL
_cCRL
_bhin
041 _2hin
_ahin
082 _aO152v, N4
100 _aनगेन्द्र, संपा.
245 0 _aहिन्दी साहित्य का इतिहास
246 _aHindī sāhitya kā itihāsa
260 _aनोएड़ा
_bमयूर पेपरबैक्स भारत
_c1994
300 _a791पृ0
_ccm.
650 _aहिन्दी साहित्य
942 _hO152v, N4
_cTEXL
_2cc
999 _c1022315
_d1022315